[Event "DEM U12/U12w 2010"]
[Site "Oberhof GER"]
[Date "2010.05.28"]
[Round "10"]
[White "Schnepper, Pauline"]
[Black "Altstadt, Karl-Simon"]
[Result "0-1"]
[Termination "normal"]
[Board "24"]
[WhiteElo "1536"]
[BlackElo "1401"]
[PlyCount "106"]
[WhiteFideId "12918040"]
[BlackFideId "24696676"]
[EventCountry "GER"]
[EventRounds "11"]
[EventType "swiss"]
[EventDate "2010.05.22"]

1. e4 c5 2. Nc3 d6 3. g3 Nf6 4. Bg2 a6 5. d3 e6 6. f4 Be7 7. Nf3 Bd7 8. O-O O-O
9. h3 Nc6 10. g4 Rc8 11. f5 e5 12. g5 Ne8 13. h4 Kh8 14. Qe1 Nd4 15. Nxd4 cxd4
16. Nd1 Rxc2 17. Nf2 Rc8 18. Nh3 Bb5 19. Qg3 Rg8 20. Kh1 Bc6 21. Qf3 Nc7 22. f6
Bf8 23. fxg7+ Bxg7 24. h5 Ne6 25. g6 fxg6 26. hxg6 Qh4 27. Qf5 Bd7 28. gxh7
Rgf8 29. Bg5 Rxf5 30. Bxh4 Rh5 31. Bg3 Ng5 32. Kg1 Bxh3 33. Bxh3 Nxh3+ 34. Kg2
Ng5 35. Rf2 Rh6 36. Rf5 Rc2+ 37. Rf2 Rxf2+ 38. Kxf2 Rf6+ 39. Ke2 Rf3 40. Bh4
Re3+ 41. Kf2 Ne6 42. Rd1 Nf4 43. Rd2 Nxd3+ 44. Kf1 Rxe4 45. Bg5 Rg4 46. Be7 e4
47. Bxd6 Bh6 48. Rh2 Kxh7 49. Ke2 Rg6 50. Bf8 Rc6 51. Rh4 Rc2+ 52. Kd1 Rc1+ 53.
Ke2 Re1# 0-1

[Event "DEM U12/U12w 2010"]
[Site "Oberhof GER"]
[Date "2010.05.28"]
[Round "10"]
[White "Gerken, Frieso"]
[Black "Scheinhütte, Jakob"]
[Result "1/2-1/2"]
[Termination "normal"]
[Board "26"]
[WhiteElo "1434"]
[BlackElo "1582"]
[PlyCount "28"]
[WhiteFideId "1270505"]
[BlackFideId "24693944"]
[EventCountry "GER"]
[EventRounds "11"]
[EventType "swiss"]
[EventDate "2010.05.22"]

1. e4 e6 2. d4 d5 3. exd5 exd5 4. Bd3 Bd6 5. Ne2 Qh4 6. Nbc3 c6 7. h3 Bg4 8.
O-O Nd7 9. Re1 Be6 10. Be3 Nh6 11. Qd2 Ng8 12. Bg5 Qh5 13. Ng3 Bxg3 14. fxg3 h6
1/2-1/2

[Event "DEM U12/U12w 2010"]
[Site "Oberhof GER"]
[Date "2010.05.28"]
[Round "10"]
[White "Greif, Gavin"]
[Black "Lemke, Berfîn"]
[Result "1-0"]
[Termination "normal"]
[Board "27"]
[WhiteElo "1678"]
[BlackElo "1318"]
[PlyCount "73"]
[WhiteFideId "24662429"]
[BlackFideId "1270578"]
[EventCountry "GER"]
[EventRounds "11"]
[EventType "swiss"]
[EventDate "2010.05.22"]

1. e4 e5 2. Nf3 Nf6 3. Nxe5 d6 4. Nf3 Nxe4 5. Nc3 Nxc3 6. dxc3 Nc6 7. Bf4 Be6
8. Bd3 Be7 9. O-O O-O 10. Re1 Re8 11. Qd2 Bf6 12. Ng5 Bxg5 13. Bxg5 Qd7 14. Re3
Ne5 15. Rg3 Ng6 16. h4 Bg4 17. f3 Bh5 18. Rh3 Ne5 19. Kh2 Bg6 20. Be2 h5 21.
Rg1 Bf5 22. Rg3 Bg6 23. Qd1 Qf5 24. f4 Ng4+ 25. Bxg4 hxg4 26. Qxg4 Qxg4 27.
Rxg4 Re2 28. Rf1 Bf5 29. Rg3 Kf8 30. c4 f6 31. h5 fxg5 32. fxg5 Ke7 33. Rxf5
Rh8 34. Rh3 Re5 35. g4 Re2+ 36. Kg3 Rxc2 37. h6 1-0

[Event "DEM U12/U12w 2010"]
[Site "Oberhof GER"]
[Date "2010.05.28"]
[Round "10"]
[White "Bohnert, Dominik"]
[Black "Bykov, Ilya"]
[Result "0-1"]
[Termination "normal"]
[Board "28"]
[WhiteElo "1370"]
[BlackElo "1477"]
[PlyCount "120"]
[WhiteFideId "12918075"]
[BlackFideId "12918059"]
[EventCountry "GER"]
[EventRounds "11"]
[EventType "swiss"]
[EventDate "2010.05.22"]

1. e4 c5 2. Nf3 d6 3. d4 cxd4 4. Nxd4 Nf6 5. Nc3 g6 6. Be3 Bg7 7. f3 O-O 8. Qd2
Nc6 9. O-O-O d5 10. Nxc6 bxc6 11. e5 Nd7 12. f4 Qa5 13. a3 Rb8 14. Nb1 Qc7 15.
h4 f6 16. e6 Nb6 17. f5 Qb7 18. Qb4 gxf5 19. Bc5 Re8 20. Re1 Nc4 21. Qxb7 Rxb7
22. Bxc4 dxc4 23. g3 a6 24. Nc3 Bh6+ 25. Kb1 Bd2 26. Bd4 c5 27. Bxc5 Bxc3 28.
Re3 Bxb2 29. Ka2 Be5 30. Bb4 Bxe6 31. Bc3 Bd5 32. Rd1 Be4 33. Rd2 Bxc3 34. Rxc3
Reb8 35. Rd1 Rb2+ 36. Ka1 Rxc2 37. Rxc2 Bxc2 38. Rd2 Bd3 39. h5 h6 40. a4 Rb4
41. g4 fxg4 42. a5 Ra4+ 43. Kb2 Rxa5 44. Kc3 Rxh5 45. Rg2 f5 46. Kb4 e5 47. Kc3
Rh3 48. Kd2 e4 49. Ke1 c3 50. Rg1 c2 51. Kd2 Rh2+ 52. Kc1 Rf2 53. Kb2 e3 54.
Re1 e2 55. Kc3 Rf1 56. Rxf1 exf1=Q 57. Kb3 c1=Q 58. Ka4 Qff4+ 59. Kb3 Qc2+ 60.
Ka3 Qfa4# 0-1

[Event "DEM U12/U12w 2010"]
[Site "Oberhof GER"]
[Date "2010.05.28"]
[Round "10"]
[White "Heinemann, Josefine"]
[Black "Reimers, Juri"]
[Result "0-1"]
[Termination "normal"]
[Board "29"]
[WhiteElo "1376"]
[BlackElo "1688"]
[PlyCount "66"]
[WhiteFideId "12900460"]
[BlackFideId "24661511"]
[EventCountry "GER"]
[EventRounds "11"]
[EventType "swiss"]
[EventDate "2010.05.22"]

1. e4 d5 2. exd5 Qxd5 3. Nc3 Qa5 4. d4 Nf6 5. Nf3 Bf5 6. Bc4 e6 7. Bd2 c6 8.
Nd5 Qd8 9. Nxf6+ gxf6 10. c3 Bd6 11. Nh4 Bg6 12. Qf3 Nd7 13. Qh3 O-O 14. Nxg6
hxg6 15. Qh6 Re8 16. Bd3 Bf8 17. Qh4 Bg7 18. O-O-O Qc7 19. Bh6 Bh8 20. Qf4 f5
21. Qg5 Rad8 22. h4 Bf6 23. Qd2 c5 24. Bg5 cxd4 25. Bxf6 Nxf6 26. h5 dxc3 27.
Qh6 Ng4 28. Qg5 Qe7 29. Qf4 e5 30. Qg3 Qb4 31. bxc3 Qxc3+ 32. Kb1 Rd4 33. Be2
Rb4# 0-1

[Event "DEM U12/U12w 2010"]
[Site "Oberhof GER"]
[Date "2010.05.28"]
[Round "10"]
[White "Borukhson, David"]
[Black "Sabirov, Ramil"]
[Result "0-1"]
[Termination "normal"]
[Board "30"]
[WhiteElo "1414"]
[BlackElo "1584"]
[PlyCount "58"]
[BlackFideId "12900303"]
[EventCountry "GER"]
[EventRounds "11"]
[EventType "swiss"]
[EventDate "2010.05.22"]

1. e4 c5 2. Nf3 e6 3. d4 cxd4 4. Nxd4 Nc6 5. Nc3 Qc7 6. Be3 a6 7. Be2 Nf6 8.
O-O Be7 9. f4 d6 10. Qd2 O-O 11. Bf3 Bd7 12. Bf2 Rac8 13. Bg3 b5 14. a4 b4 15.
Nce2 Rfd8 16. Rac1 Qb6 17. Bf2 Qb7 18. e5 Ne8 19. exd6 Bxd6 20. a5 Qc7 21. Nxc6
Bxc6 22. Bxc6 Qxc6 23. Nd4 Qd5 24. Nb3 Qxd2 25. Nxd2 Bxf4 26. Bb6 Bxd2 27. Rcd1
Rd5 28. Kh1 Nf6 29. Rf2 Rxc2 0-1

[Event "DEM U12/U12w 2010"]
[Site "Oberhof GER"]
[Date "2010.05.28"]
[Round "10"]
[White "Gheng, Christian"]
[Black "Knorre, Jonas"]
[Result "0-1"]
[Termination "normal"]
[Board "32"]
[WhiteElo "1574"]
[BlackElo "1733"]
[PlyCount "121"]
[WhiteFideId "24660345"]
[BlackFideId "24696900"]
[EventCountry "GER"]
[EventRounds "11"]
[EventType "swiss"]
[EventDate "2010.05.22"]

1. e4 c5 2. Nf3 Nc6 3. d4 cxd4 4. Nxd4 g6 5. Nc3 Bg7 6. Be3 Nf6 7. Bc4 Qa5 8.
O-O O-O 9. Bb3 d6 10. h3 Bd7 11. Re1 Nxd4 12. Bxd4 Bc6 13. Nd5 Bxd5 14. exd5
Rfe8 15. Bc3 Qc7 16. Re3 Bh6 17. Re1 Bg7 18. Qe2 a6 19. a4 Nd7 20. Bxg7 Kxg7
21. Rad1 Nc5 22. Qf3 Rac8 23. Qc3+ Kg8 24. Re2 Qb6 25. Qd4 Qa5 26. Rde1 Nxb3
27. cxb3 Rc7 28. Qh4 Qxd5 29. Rxe7 Rexe7 30. Rxe7 Rxe7 31. Qxe7 Qxb3 32. Qxd6
Qxb2 33. Qd8+ Kg7 34. Qa5 Qc1+ 35. Kh2 Qf4+ 36. Kg1 Qf5 37. Qb6 Qd7 38. Qb2+
Kg8 39. Qb4 b5 40. a5 Qd1+ 41. Kh2 Qa4 42. Qc3 Qc4 43. Qe3 Qc7+ 44. g3 Qxa5 45.
Qe8+ Kg7 46. Qe5+ Kf8 47. Qh8+ Ke7 48. Qxh7 Qa1 49. Qh4+ Qf6 50. Qb4+ Ke8 51.
Qe4+ Kf8 52. Qb4+ Kg7 53. Kg2 Qc6+ 54. Kg1 Qc4 55. Qb2+ Kg8 56. h4 b4 57. Qd2
b3 58. h5 Qe6 59. h6 Qf6 60. Qe1 b2 61. Qe8+ 0-1

[Event "DEM U12/U12w 2010"]
[Site "Oberhof GER"]
[Date "2010.05.28"]
[Round "10"]
[White "Schumann, Rabea"]
[Black "Gaßmann, Linda"]
[Result "1/2-1/2"]
[Termination "normal"]
[Board "33"]
[WhiteElo "1140"]
[BlackElo "1862"]
[PlyCount "49"]
[WhiteFideId "12918199"]
[BlackFideId "12900451"]
[EventCountry "GER"]
[EventRounds "11"]
[EventType "swiss"]
[EventDate "2010.05.22"]

1. e4 e5 2. Nf3 Nf6 3. Nxe5 d6 4. Nf3 Nxe4 5. Nc3 Nxc3 6. dxc3 Nc6 7. Be3 Be7
8. Qd2 Bf5 9. O-O-O Qd7 10. Bb5 a6 11. Bc4 Be6 12. Be2 O-O-O 13. Rhe1 f6 14.
Nd4 Nxd4 15. Qxd4 c5 16. Qe4 d5 17. Qd3 Qa4 18. a3 g6 19. g4 Qd7 20. h3 Rhf8
21. Rf1 f5 22. f3 f4 23. Bf2 Qc7 24. Rfe1 Rd6 25. Bf1 1/2-1/2

[Event "DEM U12/U12w 2010"]
[Site "Oberhof GER"]
[Date "2010.05.28"]
[Round "10"]
[White "Koch, Elisabeth"]
[Black "Pfreundt, Jakob"]
[Result "0-1"]
[Termination "normal"]
[Board "34"]
[WhiteElo "1370"]
[BlackElo "1297"]
[PlyCount "68"]
[WhiteFideId "24695068"]
[BlackFideId "12918156"]
[EventCountry "GER"]
[EventRounds "11"]
[EventType "swiss"]
[EventDate "2010.05.22"]

1. e4 Nf6 2. Nc3 d5 3. exd5 Nxd5 4. Bc4 Nb6 5. Bb3 Nc6 6. Nf3 Bf5 7. O-O e6 8.
d4 Be7 9. Be3 O-O 10. Ne2 Bf6 11. Ng3 Bg4 12. c3 Na5 13. h3 Nxb3 14. axb3 Bxf3
15. Qxf3 Qd5 16. Qxd5 Nxd5 17. Bd2 Rfd8 18. Ne4 Be7 19. Rfe1 Nf6 20. Bg5 Nxe4
21. Bxe7 Rd7 22. Bh4 Nd6 23. f3 Nf5 24. Bg5 h6 25. Bf4 g5 26. Be5 Kh7 27. Kf2
Kg6 28. Bg3 c5 29. Rec1 cxd4 30. cxd4 Rxd4 31. Be5 Rd2+ 32. Kf1 Ne3+ 33. Ke1
Rxg2 34. Bd4 Nc2+ 0-1

[Event "DEM U12/U12w 2010"]
[Site "Oberhof GER"]
[Date "2010.05.28"]
[Round "10"]
[White "Mierzwa, Robert"]
[Black "Röhlich, Philipp"]
[Result "0-1"]
[Termination "normal"]
[Board "35"]
[WhiteElo "1345"]
[BlackElo "1690"]
[PlyCount "56"]
[WhiteFideId "12918113"]
[BlackFideId "24692832"]
[EventCountry "GER"]
[EventRounds "11"]
[EventType "swiss"]
[EventDate "2010.05.22"]

1. d4 Nf6 2. Nf3 d5 3. g3 c6 4. Bg2 Bf5 5. O-O h6 6. c4 e6 7. b3 Nbd7 8. Bb2
Be7 9. Nc3 O-O 10. Re1 Ne4 11. Nd2 Nxd2 12. Qxd2 Re8 13. e4 dxe4 14. Nxe4 Nf6
15. Rad1 Nxe4 16. Bxe4 Bxe4 17. Rxe4 Qc7 18. Re3 Bg5 19. f4 Bf6 20. Rd3 Qb6 21.
Kh1 Rad8 22. d5 Bxb2 23. Qxb2 cxd5 24. cxd5 exd5 25. Rxd5 Rxd5 26. Rxd5 Qc6 27.
Qg2 Re1+ 28. Qg1 Qxd5# 0-1

[Event "DEM U12/U12w 2010"]
[Site "Oberhof GER"]
[Date "2010.05.28"]
[Round "10"]
[White "Niemeyer, Maximilian"]
[Black "Brandl, Lea"]
[Result "0-1"]
[Termination "normal"]
[Board "36"]
[WhiteElo "793"]
[BlackElo "1529"]
[PlyCount "54"]
[BlackFideId "24693049"]
[EventCountry "GER"]
[EventRounds "11"]
[EventType "swiss"]
[EventDate "2010.05.22"]

1. d4 d5 2. c4 e6 3. Nc3 Nf6 4. Bg5 Nbd7 5. e3 c6 6. Nf3 Qa5 7. Qc2 Ne4 8. a3
Bb4 9. Rc1 Bxc3+ 10. bxc3 O-O 11. Be7 Re8 12. Bb4 Qc7 13. Bd3 a5 14. Bc5 b6 15.
Bxe4 dxe4 16. Bxb6 Qxb6 17. Qxe4 Nf6 18. Qh4 Ba6 19. Ne5 Qc7 20. O-O c5 21. f4
Nd7 22. Qh5 Nxe5 23. fxe5 Bxc4 24. Rf2 Rab8 25. dxc5 Rf8 26. Rf4 Qxc5 27. Rf3
Be2 0-1

[Event "DEM U12/U12w 2010"]
[Site "Oberhof GER"]
[Date "2010.05.28"]
[Round "10"]
[White "Wendland, Tobias"]
[Black "Buchberger, Tamara"]
[Result "1-0"]
[Termination "normal"]
[Board "37"]
[WhiteElo "1630"]
[BlackElo "1088"]
[PlyCount "55"]
[WhiteFideId "24662267"]
[EventCountry "GER"]
[EventRounds "11"]
[EventType "swiss"]
[EventDate "2010.05.22"]

1. d4 d5 2. c4 e6 3. Nc3 Nf6 4. Bg5 Nbd7 5. e3 c6 6. Nf3 Qa5 7. cxd5 Nxd5 8.
Qd2 Bb4 9. Rc1 N7f6 10. Bd3 h6 11. Bh4 Bd7 12. O-O O-O 13. a3 Bxc3 14. bxc3
Qxa3 15. e4 Nc7 16. Ra1 Qe7 17. e5 g5 18. Nxg5 Ng4 19. Nf3 f6 20. h3 Qg7 21.
hxg4 Qxg4 22. Qxh6 Rf7 23. Bxf6 Rg7 24. Ng5 Ne8 25. Bh7+ Kf8 26. Bxg7+ Nxg7 27.
Qf6+ Ke8 28. Bg6# 1-0

[Event "DEM U12/U12w 2010"]
[Site "Oberhof GER"]
[Date "2010.05.28"]
[Round "10"]
[White "Trotzke, Johannes"]
[Black "Böhm, Jana"]
[Result "0-1"]
[Termination "normal"]
[Board "38"]
[WhiteElo "1357"]
[BlackElo "1298"]
[PlyCount "52"]
[WhiteFideId "12918105"]
[BlackFideId "24661589"]
[EventCountry "GER"]
[EventRounds "11"]
[EventType "swiss"]
[EventDate "2010.05.22"]

1. e4 e6 2. d4 d5 3. exd5 exd5 4. Bd3 c5 5. dxc5 Bxc5 6. Nf3 Bg4 7. h3 Bh5 8.
O-O Nc6 9. Nc3 Nge7 10. Re1 O-O 11. Bf4 Re8 12. Na4 Bb4 13. c3 Ba5 14. Nc5 Qc8
15. Nb3 Bb6 16. Be2 Qf5 17. Bh2 Qf6 18. Rf1 Rad8 19. Qd3 Bg6 20. Qd2 Nf5 21.
Bf4 h6 22. g4 Nd6 23. Bxh6 gxh6 24. Qxh6 Rxe2 25. Ng5 Bxf2+ 26. Kh1 Be4+ 0-1

[Event "DEM U12/U12w 2010"]
[Site "Oberhof GER"]
[Date "2010.05.28"]
[Round "10"]
[White "von Reppert, Marc"]
[Black "Kluge, Leyla"]
[Result "1-0"]
[Termination "normal"]
[Board "39"]
[WhiteElo "1321"]
[BlackElo "1199"]
[PlyCount "63"]
[WhiteFideId "12918130"]
[BlackFideId "12918172"]
[EventCountry "GER"]
[EventRounds "11"]
[EventType "swiss"]
[EventDate "2010.05.22"]

1. d4 d5 2. c4 e6 3. Nc3 Nf6 4. Bg5 Be7 5. e3 Nbd7 6. Nf3 O-O 7. c5 c6 8. Bd3
h6 9. h4 b6 10. b4 Bb7 11. O-O a5 12. a3 axb4 13. axb4 Rxa1 14. Qxa1 Qa8 15.
Qb2 Qc8 16. Ra1 Re8 17. Ra3 b5 18. Nd2 Nh5 19. Bxe7 Rxe7 20. Qc2 Qc7 21. Ra7
Qb8 22. Ra1 e5 23. Nxb5 cxb5 24. c6 Ndf6 25. cxb7 Qxb7 26. dxe5 Rxe5 27. Qc5
Re7 28. Rc1 g6 29. Bxb5 Nd7 30. Qxe7 Qxb5 31. Qe8+ Kg7 32. Rc8 1-0

[Event "DEM U12/U12w 2010"]
[Site "Oberhof GER"]
[Date "2010.05.28"]
[Round "10"]
[White "Böhme, Mathis"]
[Black "Reksten, Anne"]
[Result "1-0"]
[Termination "normal"]
[Board "40"]
[WhiteElo "1080"]
[BlackElo "1383"]
[PlyCount "87"]
[WhiteFideId "12900443"]
[BlackFideId "24692778"]
[EventCountry "GER"]
[EventRounds "11"]
[EventType "swiss"]
[EventDate "2010.05.22"]

1. e4 c6 2. d4 d5 3. exd5 cxd5 4. c4 Nc6 5. Nc3 dxc4 6. Nf3 Bg4 7. Bxc4 Bxf3 8.
Qxf3 e6 9. Bb5 Nge7 10. O-O a6 11. Bxc6+ Nxc6 12. d5 exd5 13. Nxd5 Be7 14. Bf4
O-O 15. Rad1 Qa5 16. Qg3 Rfd8 17. Bc7 Qc5 18. Nxe7+ Qxe7 19. Bxd8 Rxd8 20.
Rxd8+ Qxd8 21. Qe3 h6 22. Re1 Kh7 23. Qe4+ g6 24. Qe8 Qd5 25. b3 Nb4 26. Qe4
Qd2 27. Qe2 Qd7 28. Qe7 Qxe7 29. Rxe7 Kg7 30. Rxb7 Nxa2 31. Rb6 Nc1 32. Kf1 Kf8
33. Ke1 Nd3+ 34. Ke2 Nf4+ 35. Kf1 a5 36. Ra6 Ke8 37. Rxa5 Kd8 38. Ra7 f6 39. b4
Kc8 40. b5 Kb8 41. Ra6 Nd5 42. Rd6 Nc3 43. Rxf6 Nxb5 44. Rxg6 1-0

[Event "DEM U12/U12w 2010"]
[Site "Oberhof GER"]
[Date "2010.05.28"]
[Round "10"]
[White "Müller, Max"]
[Black "Niggl, Michael"]
[Result "1-0"]
[Termination "normal"]
[Board "41"]
[WhiteElo "1365"]
[BlackElo "1275"]
[PlyCount "59"]
[WhiteFideId "12900486"]
[BlackFideId "12918164"]
[EventCountry "GER"]
[EventRounds "11"]
[EventType "swiss"]
[EventDate "2010.05.22"]

1. d4 f5 2. c4 Nf6 3. Nf3 g6 4. Nc3 Bg7 5. g3 O-O 6. Bg2 d6 7. O-O Qe8 8. Bf4
Nbd7 9. Qd2 e5 10. Bh6 Nb6 11. b3 Nh5 12. Bxg7 Kxg7 13. e3 f4 14. dxe5 dxe5 15.
exf4 exf4 16. Qd4+ Kg8 17. Rae1 Qd7 18. Qxd7 Bxd7 19. c5 Nc8 20. Ne5 Be6 21.
Bxb7 Rb8 22. Bg2 Ne7 23. Nxg6 Nxg6 24. Rxe6 f3 25. Bh1 Rbd8 26. Re3 Rf7 27.
Bxf3 Nf6 28. Rd1 Rdf8 29. h3 Nd7 30. Bd5 1-0

[Event "DEM U12/U12w 2010"]
[Site "Oberhof GER"]
[Date "2010.05.28"]
[Round "10"]
[White "Blösch, Christoph"]
[Black "Sherif, Amina"]
[Result "1-0"]
[Termination "normal"]
[Board "42"]
[WhiteElo "1332"]
[BlackElo "1081"]
[PlyCount "151"]
[WhiteFideId "12918121"]
[BlackFideId "12911690"]
[EventCountry "GER"]
[EventRounds "11"]
[EventType "swiss"]
[EventDate "2010.05.22"]

1. e4 e5 2. Nf3 Nf6 3. Nxe5 Qe7 4. Nf3 Qxe4+ 5. Be2 Bb4 6. O-O d5 7. Re1 O-O 8.
c3 Bc5 9. d4 Bd6 10. Bg5 Qe7 11. Bd3 Qd8 12. Qc2 h6 13. Bh4 Bg4 14. Ne5 Be6 15.
f4 c5 16. f5 Bd7 17. Nd2 Be7 18. Ng4 c4 19. Bf1 Nc6 20. Ne5 Re8 21. Ndf3 Nh7
22. Bxe7 Rxe7 23. Re2 Nxe5 24. Rxe5 Nf6 25. Rae1 Rxe5 26. Rxe5 Bc6 27. b3 b5
28. bxc4 bxc4 29. a3 Ne4 30. Nd2 f6 31. Rxe4 dxe4 32. Bxc4+ Kh7 33. Nxe4 Bxe4
34. Qxe4 Qe8 35. Qxe8 Rxe8 36. Be6 g6 37. g4 gxf5 38. gxf5 Kg7 39. c4 Kf8 40.
c5 Ke7 41. d5 Kd8 42. d6 Rh8 43. c6 Rh7 44. c7+ Rxc7 45. dxc7+ Kxc7 46. Kf2 Kd6
47. Kg3 Ke7 48. Kh4 Kf8 49. Kh5 Kg7 50. Bb3 Kh7 51. Bf7 Kg7 52. Bg6 a6 53. a4
a5 54. h3 Kh8 55. Kxh6 Kg8 56. Bh5 Kh8 57. Kg6 Kg8 58. Kxf6 Kh8 59. Bd1 Kg8 60.
h4 Kh8 61. Kf7 Kh7 62. f6 Kh8 63. Kf8 Kh7 64. f7 Kh8 65. Ke7 Kh7 66. Bc2+ Kh6
67. f8=Q+ Kh5 68. Bb3 Kxh4 69. Qg7 Kh5 70. Kf6 Kh4 71. Qg5+ Kh3 72. Kf5 Kh2 73.
Kf4 Kh1 74. Qg4 Kh2 75. Qg3+ Kh1 76. Bd5# 1-0

[Event "DEM U12/U12w 2010"]
[Site "Oberhof GER"]
[Date "2010.05.28"]
[Round "10"]
[White "Azizowa, Laura"]
[Black "Alsheimer, Lea"]
[Result "1/2-1/2"]
[Termination "normal"]
[Board "43"]
[WhiteElo "1078"]
[BlackElo "1127"]
[PlyCount "49"]
[BlackFideId "12918180"]
[EventCountry "GER"]
[EventRounds "11"]
[EventType "swiss"]
[EventDate "2010.05.22"]

1. e4 c5 2. d4 d6 3. dxc5 Nc6 4. cxd6 exd6 5. Nc3 g6 6. Nf3 Bg7 7. Be2 Qc7 8.
Bd2 Nf6 9. O-O O-O 10. Be3 Be6 11. Qd2 Rad8 12. Rad1 d5 13. Bf4 Qa5 14. e5 Ne4
15. Nxe4 dxe4 16. Qxa5 Nxa5 17. Ng5 Rxd1 18. Rxd1 Bxa2 19. Nxe4 Re8 20. Nc3 Bc4
21. h3 Bxe5 22. Bxe5 Rxe5 23. Bxc4 Nxc4 24. b3 Na5 25. Rd8+ 1/2-1/2

[Event "DEM U12/U12w 2010"]
[Site "Oberhof GER"]
[Date "2010.05.28"]
[Round "10"]
[White "Schramm, Anna-Lena"]
[Black "Sadjjadi, Anahita"]
[Result "0-1"]
[Termination "normal"]
[Board "44"]
[WhiteElo "945"]
[BlackElo "1016"]
[PlyCount "176"]
[WhiteFideId "12918237"]
[EventCountry "GER"]
[EventRounds "11"]
[EventType "swiss"]
[EventDate "2010.05.22"]

1. e4 d5 2. exd5 Qxd5 3. Nc3 Qa5 4. Nf3 Nf6 5. d4 c6 6. Bd2 Bg4 7. Ne2 Qc7 8.
Bf4 Qd8 9. Nc3 Nbd7 10. Be2 e6 11. Ng5 Bf5 12. Bd3 Bxd3 13. Qxd3 Be7 14. Nge4
Nd5 15. Nxd5 cxd5 16. O-O O-O 17. Qg3 g6 18. Bg5 dxe4 19. Bxe7 Qxe7 20. Qf4 f5
21. f3 Nf6 22. fxe4 Nxe4 23. Qe5 Qf6 24. Rad1 Qxe5 25. dxe5 Rad8 26. Rxd8 Rxd8
27. h3 Nd2 28. Rf4 Ne4 29. Rf3 Rd2 30. Rb3 Nc5 31. Rc3 Rd1+ 32. Kf2 Ne4+ 33.
Ke2 Rd2+ 34. Ke3 Rxg2 35. Rc8+ Kg7 36. Rc7+ Kh6 37. Rxb7 Rxc2 38. Rxa7 Rxb2 39.
a4 Ra2 40. a5 Ra4 41. a6 Nc5 42. Rc7 Nxa6 43. Rc6 Ra3+ 44. Kd4 Nb4 45. Rxe6 Ra6
46. Re8 Kg7 47. Re7+ Kg8 48. Rc7 Re6 49. Rc8+ Kf7 50. Rc7+ Re7 51. Rc4 Na6 52.
Rc6 Nb8 53. Rf6+ Kg7 54. Kd5 g5 55. Rxf5 Kg6 56. Rf6+ Kg7 57. Kd6 Re8 58. Rf3
Rf8 59. Rg3 Rf5 60. e6 Kf8 61. e7+ Ke8 62. h4 Rf6+ 63. Kc7 Na6+ 64. Kc8 Kxe7
65. Re3+ Re6 66. Rh3 Rc6+ 67. Kb7 Kd7 68. hxg5 Nc5+ 69. Ka7 Kc7 70. Rxh7+ Nd7
71. Rh6 Rc5 72. Rg6 Ra5+ 73. Ra6 Rxg5 74. Ka8 Rg8+ 75. Ka7 Rb8 76. Rg6 Rb1 77.
Re6 Rb7+ 78. Ka6 Nc5+ 79. Ka5 Nxe6 80. Ka6 Rb1 81. Ka5 Kc6 82. Ka4 Kc5 83. Ka3
Rb8 84. Ka4 Rb7 85. Ka3 Kc4 86. Ka2 Kc3 87. Ka1 Kc2 88. Ka2 Ra7# 0-1

[Event "DEM U12/U12w 2010"]
[Site "Oberhof GER"]
[Date "2010.05.28"]
[Round "10"]
[White "Wanner, Lukas"]
[Black "Silber, Stefanie"]
[Result "1-0"]
[Termination "normal"]
[Board "46"]
[WhiteElo "1309"]
[BlackElo "847"]
[PlyCount "127"]
[WhiteFideId "12918148"]
[BlackFideId "12918245"]
[EventCountry "GER"]
[EventRounds "11"]
[EventType "swiss"]
[EventDate "2010.05.22"]

1. e4 c6 2. d4 d5 3. exd5 cxd5 4. Nf3 Nc6 5. Bb5 Bd7 6. Nc3 Nf6 7. O-O e6 8.
Bg5 Be7 9. Re1 O-O 10. Bxc6 Bxc6 11. Ne5 Qd6 12. Nxc6 bxc6 13. Na4 h6 14. Bh4
Ne4 15. Bxe7 Qxe7 16. f3 Nf6 17. Nc5 Rab8 18. b3 Nd7 19. Nxd7 Qxd7 20. Qd3 Rb6
21. Rac1 Qd6 22. c4 dxc4 23. Rxc4 Rd8 24. Rec1 c5 25. Rxc5 Qxd4+ 26. Qxd4 Rxd4
27. Ra5 a6 28. Rc2 f5 29. Kf2 Kf7 30. Ke3 Rdd6 31. Rd2 Rdc6 32. Ra4 g5 33. Rad4
Kf6 34. Kd3 h5 35. Rc2 Ke7 36. Rxc6 Rxc6 37. Rc4 Rd6+ 38. Rd4 Rc6 39. Rc4 Rd6+
40. Kc3 Rb6 41. b4 Rb5 42. a4 Rd5 43. Rd4 Re5 44. Rd2 Re3+ 45. Kc4 Re5 46. Kc3
f4 47. Kc4 Rf5 48. b5 axb5+ 49. axb5 Rf8 50. Kc5 Rc8+ 51. Kb6 Rb8+ 52. Ka6 e5
53. b6 Ra8+ 54. Kb7 Ra3 55. Kb8 Ke6 56. b7 Kf5 57. Rd6 g4 58. Kc7 Ra7 59. Kb6
Ra4 60. Rd5 Ke6 61. Rb5 Ra2 62. b8=Q Rxg2 63. Qxe5+ Kd7 64. Rd5+ 1-0

[Event "DEM U12/U12w 2010"]
[Site "Oberhof GER"]
[Date "2010.05.28"]
[Round "10"]
[White "Holle, Niklas"]
[Black "Lamottke, Svenja"]
[Result "0-1"]
[Termination "normal"]
[Board "47"]
[WhiteElo "1024"]
[BlackElo "963"]
[PlyCount "96"]
[BlackFideId "12918229"]
[EventCountry "GER"]
[EventRounds "11"]
[EventType "swiss"]
[EventDate "2010.05.22"]

1. e4 e5 2. Nf3 Nc6 3. d4 exd4 4. Nxd4 Bc5 5. Be3 Nf6 6. Nxc6 bxc6 7. Bxc5 d6
8. Be3 Be6 9. Nc3 O-O 10. Bd3 Rb8 11. f4 Re8 12. h3 Re7 13. g4 d5 14. Bd2 dxe4
15. Nxe4 Bd5 16. O-O Nxe4 17. g5 Nxd2 18. Qxd2 Qd6 19. Qf2 Be4 20. Bxe4 Rxe4
21. Rad1 Qg6 22. Qd2 h6 23. Qa5 Rbe8 24. Qxc7 hxg5 25. f5 Qh5 26. Rd8 Qxh3 27.
Rxe8+ Rxe8 28. Qxc6 Re2 29. Qa8+ Kh7 30. Qh1 Qxh1+ 31. Kxh1 Rxc2 32. Rb1 Rf2
33. Kg1 Rxf5 34. Rf1 Ra5 35. a3 Kg6 36. Rf3 f5 37. b4 Rd5 38. Rc3 g4 39. Rc6+
Kh7 40. Rc7 a5 41. bxa5 Rxa5 42. Rc3 Kg6 43. Kg2 Kg5 44. Kg3 f4+ 45. Kg2 Kh4
46. Kh2 g3+ 47. Kg2 g5 48. Rf3 Rc5 0-1